Géographie de l'Europe
Na minha lista:
| Autor principal: | |
|---|---|
| Outros Autores: | , |
| Formato: | Livro |
| Idioma: | francês |
| Publicado em: |
Paris
Hachette Supérieur
2013
|
| Colecção: | Hachette Université géographie
|
| Assuntos: | |
| Tags: |
Sem tags, seja o primeiro a adicionar uma tag!
|
MARC
| LEADER | 00000nam a2200000 4500 | ||
|---|---|---|---|
| 001 | 0235078 | ||
| 005 | 20240226124446.9 | ||
| 020 | |a 978-2-01-140177-9 | ||
| 041 | 0 | |a fre | |
| 044 | |a FR | ||
| 245 | 1 | 0 | |a Géographie de l'Europe |c sous la direction de Vincent Adoumié |
| 264 | 1 | |a Paris |b Hachette Supérieur |c 2013 | |
| 300 | |a 287 s. | ||
| 490 | 1 | |a Hachette Université géographie | |
| 830 | 0 | |a Hachette Université géographie | |
| 610 | 2 | 0 | |a geografia hospodárska |
| 610 | 2 | 0 | |a kultúra |
| 610 | 2 | 0 | |a demografia |
| 610 | 2 | 0 | |a populácia |
| 610 | 2 | 0 | |a Európa |
| 610 | 2 | 0 | |a Európska únia |
| 100 | 1 | |a Adoumié, Vincent | |
| 700 | 1 | |a Daudel, Christian | |
| 700 | 1 | |a Delahaye, Emmanuelle | |